LDR 00982naa#a2200205#i#450# 001 RU\INFRA-M\bibl\121760 005 20260430045801.4 011 ## _a2308-4898 100 ## _a20251225b2025####ek#y0rusy0150####ca 102 ## _aRU 200 1# _aЗадания профессиональной направленности как мотивация изучения инженерной и компьютерной графики _eЖурнальная статья 210 1# _aМосква _cОбщество с ограниченной ответственностью «Научно-издательский центр ИНФРА-М» _d2025 215 ## _a9 с. 608 ## _aЖурнальная статья _2local 675 ## _aМетоды проверки и оценки успеваемости. 378.146 _z 700 #1 _aПритыкин _gФ. Н. 700 #1 _aКайгородцева _gН. В. 700 #1 _aМедведева _gМ. Н. 700 #1 _aКрысова _gИ. В. 856 4# _anaukaru.ru _u